<?xml version="1.0" encoding="UTF-8"?>
<record
    xmlns:xsi="http://www.w3.org/2001/XMLSchema-instance"
    xsi:schemaLocation="http://www.loc.gov/MARC21/slim http://www.loc.gov/standards/marcxml/schema/MARC21slim.xsd"
    xmlns="http://www.loc.gov/MARC21/slim">

  <leader>01813nam a22001577a 4500</leader>
  <datafield tag="999" ind1=" " ind2=" ">
    <subfield code="c">514724</subfield>
    <subfield code="d">514724</subfield>
  </datafield>
  <controlfield tag="008">201130b           ||||| |||| 00| 0 eng d</controlfield>
  <datafield tag="100" ind1=" " ind2=" ">
    <subfield code="a">Olivelle, Patrick. </subfield>
    <subfield code="9">21628</subfield>
  </datafield>
  <datafield tag="245" ind1=" " ind2=" ">
    <subfield code="a">Long-distance trade in ancient India: Evidence from kautilya's arthashastra </subfield>
  </datafield>
  <datafield tag="260" ind1=" " ind2=" ">
    <subfield code="a">The Indian Economic and Social History Review  </subfield>
  </datafield>
  <datafield tag="300" ind1=" " ind2=" ">
    <subfield code="a">57(1), Jan-Mar, 2020: p.31-47</subfield>
  </datafield>
  <datafield tag="520" ind1=" " ind2=" ">
    <subfield code="a">Much of the significant data for long-distance and maritime trade across South Asia in the ancient period comes from archaeological sources. Nevertheless, textual sources too have some significant things to say about material culture and trade in the ancient world. In a special way, texts give insights into what people thought about trans-regional trade, the globalisation of the ancient world, both the good and the bad that came with it, insights that cannot be culled solely from archaeological data. This article&#x2019;s focus is on the Artha&#x15B;&#x101;stra, which Kau&#x1E6D;ilya wrote around middle of the first century CE, drawing on sources that predate him by a century or more. The Artha&#x15B;&#x101;stra does not have a separate section on trade, but trade data are scattered over at least four areas: (a) the treasury and its need for luxury goods: pearls, gems, diamonds, coral, sandalwood, aloe, incense, skins and furs, and cloth; (b) military needs: horses and elephants; (c) developing and guarding land and water routes and shipping; and (d) duties and taxes on imported goods. Significant data on trade are also provided in Kau&#x1E6D;ilya&#x2019;s discussion of trade routes and their protection, as well as data on duties and taxes on imported goods. - Reproduced</subfield>
  </datafield>
  <datafield tag="650" ind1=" " ind2=" ">
    <subfield code="a">Artha&#x15B;&#x101;stra, Trade, Luxury goods, Horses, Elephants</subfield>
    <subfield code="9">19561</subfield>
  </datafield>
  <datafield tag="773" ind1=" " ind2=" ">
    <subfield code="a">The Indian Economic and Social History Review </subfield>
  </datafield>
  <datafield tag="906" ind1=" " ind2=" ">
    <subfield code="a">TRADE - INDIA</subfield>
  </datafield>
  <datafield tag="942" ind1=" " ind2=" ">
    <subfield code="c">AR</subfield>
  </datafield>
  <datafield tag="952" ind1=" " ind2=" ">
    <subfield code="0">0</subfield>
    <subfield code="1">0</subfield>
    <subfield code="2">ddc</subfield>
    <subfield code="4">0</subfield>
    <subfield code="7">0</subfield>
    <subfield code="9">388734</subfield>
    <subfield code="a">IIPA</subfield>
    <subfield code="b">IIPA</subfield>
    <subfield code="d">2020-11-30</subfield>
    <subfield code="h">57(1), Jan-Mar, 2020: p.31-47</subfield>
    <subfield code="p">AR123608</subfield>
    <subfield code="r">2020-11-30</subfield>
    <subfield code="y">AR</subfield>
  </datafield>
</record>
